| 000 | 00478nam a2200193 a 4500 | ||
|---|---|---|---|
| 005 | 20210219153104.0 | ||
| 008 | 991125n 000 0 spa u | ||
| 035 | _aUPN01000077351 | ||
| 100 | 1 | _aAlegría, Paula | |
| 222 | _aEDUCACION NACIONAL | ||
| 245 | _aLa escuela y el trabajo social | ||
| 260 | _aMéxico | ||
| 300 | _a226-232 | ||
| 362 | 0 | _a1944 Vol. 2, no. 8, sep. | |
| 653 | 0 | _aTRABAJO SOCIAL | |
| 653 | 0 | _aESCUELA | |
| 904 |
_aAC _b015162 |
||
| 905 | _aArticulo | ||
| 999 |
_c68145 _d68145 |
||